| 000 | 00660nam a2200193Ii 4500 | ||
|---|---|---|---|
| 003 | JO-AjNU | ||
| 008 | 230605s9999||||xx |||||||||||||| ||und|| | ||
| 040 |
_aJO-AjNU _bara _erda _cJO-AjNU |
||
| 041 | _aara | ||
| 050 | 1 | 4 | _aG155.A1.K5788 1990 |
| 100 | 3 |
_aتاليف الكتاني، مسعود مصطفى, _eauthor _939339 |
|
| 245 | 0 | 0 | _aعلم السياحة والمنتزهات |
| 264 | 3 | 1 | _aالموصل: دار الحكمة، 1990 |
| 300 |
_a748ص _bصور توضيحية |
||
| 336 |
_atext _btxt _2rdacontent |
||
| 337 |
_aunmediated _bn _2rdamedia |
||
| 338 |
_avolume _bnc _2rdacarrier |
||
| 650 | 4 |
_aالسياحة والمتنزهات-علم _939340 |
|
| 999 |
_aA16606 _c20174 _d20174 |
||